000 01240naa a22003497a 4500
001 BR7703463
003 BR-BrBNA
005 20240918174013.0
007 ta
008 230509b bl.||||| |||| 00| 0 por d
040 _aBR-BrBNA
_bpor
_cBiblioteca Nacional de Agricultura
041 _a(Pt)
072 _aF27
_b0336
090 _aF27 BR7703463
100 1 _aGoulart, J.P.
100 1 _aLago, J.C.
100 1 _aGomes, A.S.
100 1 _aVianna, A.C.T.
111 1 _a5. Reuniao Conjunta da Pesquisa de Soja da Regiao Sul
_cPelotas, RS (Brazil)
_d1 Aug 1977
245 1 _aInfluencia da epoca e duracao do encharcamento do solo sobre a cultura da soja [Glycine max; Cultivo do solo; Cultura irrigada]
260 3 _aPelotas, RS (Brasil):
_c1977.
500 _a5. Reuniao Conjunta da Pesquisa de Soja da Regiao Sul Pelotas, RS (Brasil): 1977. p. 25-32 (BR7703463-AM)F27
650 _aCultivo do solo
650 _aSoja
650 _aIrrigacao
650 _aUmidade do solo
650 _aCultura irrigada
650 _aRendimento
773 0 _t5. Reuniao Conjunta da Pesquisa de Soja da Regiao Sul
_b
_wF27 BR7703463
_gPelotas, RS (Brasil), 1977. p. 25-32
909 _a202404
_bLucia
_c55
_dLucia Elande
942 _cAM
_2AGRIS
999 _c308266
_d308266